Keracunan makanan

Bibliographic Details
Main Author: Rahimah Abdul Kadir
Other Authors: Judul
Format: Book
Published: Kuala Lumpur : Utusan Publications & Distributors , 1997
Series:Sihat cerdas
Subjects:

MARC

LEADER 00000cam a2200000 7i4500
001 0000006408
005 20151222.0
008 070816
020 |a 9676107301 
090 0 0 |a JF   |b HEA MAL (4979) 
100 0 |a Rahimah Abdul Kadir 
245 1 0 |a Keracunan makanan   |c Rahimah Abdul Kadir 
260 |a Kuala Lumpur :   |b Utusan Publications & Distributors ,   |c 1997 
440 |a Sihat cerdas 
500 |a Children ages 7-9 years old (orange) 
650 0 |a Food   |x Juvenile literature 
650 0 |a Snack food   |x Juvenile literature 
700 1 |a Judul 
999 |a 0000796017   |b Book   |c Children Collection   |e Cawangan Segamat 
999 |a 0000984831   |b Book   |c Children Collection   |e Perbadanan Perpustakaan Awam Johor 
999 |a 0000984833   |b Book   |c Children Collection   |e Perbadanan Perpustakaan Awam Johor 
999 |a 0000984834   |b Book   |c Children Collection   |e Perbadanan Perpustakaan Awam Johor 
999 |a 0000984835   |b Book   |c Children Collection   |e Perbadanan Perpustakaan Awam Johor 
999 |a 0000989992   |b Book   |c Children Collection   |e Cawangan Bandar Tenggara